S peniazmi sa dá lietať aj do vesmíru
Rozhovor autora článku s M. Jankovičom, predsedom predstavenstva Allianz - Slovenská poisťovňa, o podstate poistenia aj o jeho distribúcii. Riešenie škôd po katastrofách. Výška skôd a náhrada. Výchova sprostredkovateľov poistení. Hľadanie nových výziev.
Enregistré dans:
| Auteur principal: | |
|---|---|
| Autres auteurs: | |
| Format: | Chapitre de livre |
| Langue: | slovaque |
| Sujets: | |
| Tags: |
Pas de tags, Soyez le premier à ajouter un tag!
|
MARC
| LEADER | 00000naa a2200000 4500 | ||
|---|---|---|---|
| 001 | 0137066 | ||
| 005 | 20231019092040.4 | ||
| 041 | 0 | |a slo | |
| 044 | |a SK | ||
| 245 | 1 | 0 | |a S peniazmi sa dá lietať aj do vesmíru |c Pavel Škriniar, Marek Jankovič |
| 520 | |a Rozhovor autora článku s M. Jankovičom, predsedom predstavenstva Allianz - Slovenská poisťovňa, o podstate poistenia aj o jeho distribúcii. Riešenie škôd po katastrofách. Výška skôd a náhrada. Výchova sprostredkovateľov poistení. Hľadanie nových výziev. | ||
| 610 | 2 | 0 | |a poisťovníctvo |
| 610 | 2 | 0 | |a poisťovne |
| 610 | 2 | 0 | |a poistenie majetku |
| 610 | 2 | 0 | |a pohromy živelné |
| 610 | 2 | 0 | |a poistníci |
| 610 | 2 | 0 | |a náhrada škody |
| 100 | 1 | |a Škriniar, Pavel, 1979- | |
| 700 | 1 | |a Jankovič, Marek | |